000 01016cam a2200253 a 4500
001 000015140
005 20200929163951.0
008 910103s1986 cr ac b 000 0 spa
020 _a0899222412
040 _aDO-SdBNP
_cDLC
043 _anwcu---
082 _a280.4097291
_bR175p
100 1 _aRamos, Marcos Antonio.
_934254
245 1 0 _aPanorama del protestantismo en Cuba :
_bla presencia de los protestantes o evangélicos en la historia de Cuba desde la colonización española hasta la revolución /
_cMarcos Antonio Ramos ; prólogo Justo L. González.
260 _aSan José, Costa Rica :
_bCaribe,
_c1986.
300 _a668 p. :
_bil., retrs. ;
_c22 cm.
504 _aIncluye referencias bibliográficas (p. [653] -668).
650 4 _aIglesias protestantes
_zCuba
_xHistoria.
_934255
650 4 _aEvangelización
_zCuba
_xHistoria
_934256
651 4 _aHistoria Eclesiástica
_zCuba.
_934257
700 1 _aGonzález, Justo L.
_epról.
_934258
910 _aCatalogación por copia / LC
049 _aBNGR
999 _c14712
_d14712